[Event "Calatrava op rapid 2nd"]
[Site "Calatrava"]
[Date "2007.04.08"]
[Round "8"]
[White "Ivanchuk, Vassily"]
[Black "Shirov, Alexei"]
[Result "0-1"]
[WhiteElo "2750"]
[BlackElo "2715"]
[Annotator "Shirov,A"]
[PlyCount "116"]
[EventDate "2007.04.06"]
[EventType "swiss (rapid)"]
[EventRounds "9"]
[EventCountry "ESP"]
[SourceTitle "CBM 118"]
[Source "ChessBase"]
[SourceDate "2007.05.31"]
[SourceVersion "1"]
[SourceVersionDate "2007.05.31"]
[SourceQuality "1"]

1. e4 e5 2. Nf3 Nc6 3. Bb5 a6 4. Ba4 Nf6 5. O-O b5 6. Bb3 Bc5 {Continuing the
principled discussion - I chose the same opening line against Vassily in our
previous game in Foros 2006.} 7. a4 Rb8 8. c3 d6 ({But in that game I preferred
} 8... O-O 9. d4 Bb6 {which is slightly dubious according to the current state
of theory.}) 9. d3 $6 {Not only an objectively unpretentious move but also a
surprising decision. By playing} (9. d4 Bb6 10. axb5 axb5 11. Na3 O-O 12. Nxb5
Bg4 13. Bc2 {Vasily could transpose to the same line as in Foros where I drew
with severe difficulties. Naturally this time I hoped to improve on Black's
play somehow.}) 9... O-O 10. Nbd2 Bb6 $6 {An unnecessary bishop retreat since
it was much more logical to play the immediate} (10... Kh8 {after which White
would not have the idea of 11.Re1 at all as it would fail to 10...Ng4 followed
by 11...f5. When I studied the database after my game vs. Ivanchuk I suddenly
noticed that I already played the same wrong move 11 years earlier against
Adams (Madrid 1996)! Looks like I can never learn :)}) 11. Re1 $1 {During both
the old and the actual game I thought this move was erroneous but in fact it's
quite good.} ({Adams continued in the afore-mentioned game} 11. h3 {and after}
Nh5 12. axb5 axb5 13. Re1 Nf4 14. Nf1 Qf6 15. Be3 Ne7 16. N1h2 c5 {the
opponents didn't mind a peaceful end with} 17. Ng4 Qg6 18. Nh4 Qg5 19. Nf3 Qg6
{. Hopefully our games in Elista will be more interesting.}) 11... Ng4 12. Re2
Kh8 {A standard idea for the Italian game but here White is a little better
prepared for such a maneuvre as he might get some initiative on the queenside.}
13. h3 Nh6 14. g4 $5 {Vasily is not afraid of ghosts such as possible
incorrect sacrifices on g4.} Ne7 $6 {Too standard and primitive. Obviously I
couldn't be attracted by} (14... Qf6 15. Qf1 $1) ({or} 14... Nxg4 15. hxg4 Bxg4
16. Qf1 f5 17. Qg2) ({but} 14... g6 $1 {trying to get the f5 break at whatever
cost would promise me a good game after} 15. Nf1 Ng8 16. axb5 axb5 $13) 15.
axb5 axb5 16. Nf1 Ng6 17. N1h2 $6 {Now White is getting a bit passive.} (17. d4
$1 $14 {, increasing space advantage, was more or less called for.}) 17... f6
18. Be3 Nf7 $6 {Again doing strange things with knights. Here and also on the
next move it would be right to play} (18... Bb7 {keeping the freeing d6-d5 in
mind.}) 19. Qd2 Bxe3 (19... Bb7 $1) 20. fxe3 Ng5 $6 21. Nxg5 fxg5 22. Rf2 Rxf2
23. Qxf2 b4 $2 {This time I make a serious mistake which luckily doesn't get
punished. By playing} (23... c6 {I could still hope for equality although
optically Black's position after} 24. Ra7 Bb7 {looks quite dangerous.}) 24. Bc4
$4 ({If Ivanchuk had played here} 24. Qf7 {I would definitely not be
annotating this game as the tournament winner. Indeed Black is in serious
trouble because of White's total domination and the only practical chance in
my opinion is} bxc3 25. bxc3 Bd7 $1 ({much worse would be} 25... Qf8 26. Qxf8+
Nxf8 27. Bd5 $1 {and White is practuically winning, for example} Bd7 (27... g6
28. Nf3 h5 29. Ra7 $1 hxg4 (29... Kg7 30. Rxc7+ Kh6 31. Nd2) 30. hxg4 Nh7 31.
Rxc7 Bxg4 32. Nd2 $1 $16) 28. Nf3 h6 29. d4 c6 30. Bc4 Be6 31. Bxe6 Nxe6 32.
Ra6 $16) 26. Nf1 $1 Bb5 $1 {and it looks like after} 27. Ra7 Bxd3 28. Rxc7 Qf6
(28... Qf8 29. Nd2 Bb5 30. Qxf8+ Rxf8 31. Bc4 $16) 29. Nd2 $1 {White is better.
Still Black can keep fighting with} Nh4 $1 30. Qxf6 gxf6 31. Rd7 Nf3+ 32. Nxf3
Rxb3 33. Rxd6 Rxc3 34. Rxf6 Kg7 35. Rd6 h6 36. Nd2 $1 Bc2 $1 {with some
drawing chances}) 24... bxc3 25. bxc3 c6 26. d4 Qe7 27. Rf1 $6 {Playing for
the advantage by inertia. It was already time for simplifications -} (27. Qf7
Qxf7 28. Bxf7 Nh4 {with a likely draw.}) 27... exd4 28. cxd4 Be6 29. Bxe6 Qxe6
30. Qf5 $2 Qe7 $1 {Black is clearly better now.} 31. e5 {trying to simplify by
giving a pawn.} dxe5 32. Qe4 exd4 $2 {The endgame will be technically
difficult to win. I was calculating the right line} (32... Qd6 33. Nf3 exd4 34.
Nxg5 Qg3+ 35. Kh1 {but I missed the fact that I would have the simple} Qxe3 $19
{there.}) 33. Qxe7 Nxe7 34. exd4 h6 35. Nf3 Rb3 36. Kf2 Ng6 37. Rc1 Nf4 38.
Rxc6 Nxh3+ 39. Kg2 Nf4+ 40. Kf2 Rb2+ 41. Kf1 Nd5 42. Re6 Kg8 43. Re2 Rxe2 $2 {
And now it will be objectively drawn.} ({It seems that} 43... Rb3 $17 {would
be correct.}) 44. Kxe2 Kf7 45. Ne5+ Ke6 46. Kf3 Nf6 47. Ke3 Kd5 48. Kd3 Ne4 49.
Ke3 Nd6 50. Kd3 Nb5 51. Nf3 Nc7 52. Ke3 $1 ({Correctly avoiding the line} 52.
Ne5 Ne6 53. Nd7 $2 Nxd4 54. Nb6+ Kc6 $19) 52... Ne6 53. Kd3 g6 54. Ne5 $4 {
The last error in this game is White's. There would be no win after} (54. Ke3
h5 (54... Nf4 55. Ne5 Ke6 56. Ke4 h5 57. Nf3 Kf6 58. Ne5) 55. gxh5 gxh5 56. Kf2
$1 Ke4 57. d5 $1 Kxd5 58. Kg3 {and Black can't save the pawns.}) 54... Nxd4 55.
Nxg6 Nc6 {Now the knight is trapped.} 56. Ke2 Ke6 57. Nf8+ Ke7 58. Nh7 Kf7 0-1

[Event "Mainz sim"]
[Site "Mainz"]
[Date "2007.08.13"]
[Round "?"]
[White "Ivanchuk, Vassily"]
[Black "Ballo, Harald"]
[Result "1-0"]
[WhiteElo "2762"]
[BlackElo "1985"]
[PlyCount "41"]
[EventDate "2007.08.13"]
[EventType "simul"]
[EventRounds "1"]
[EventCountry "GER"]
[SourceTitle "CBM 119 Extra"]
[Source "ChessBase"]
[SourceDate "2007.09.04"]
[SourceVersion "1"]
[SourceVersionDate "2007.09.04"]
[SourceQuality "1"]

1. e4 c6 2. c4 d5 3. exd5 cxd5 4. d4 Nf6 5. Nc3 e6 6. Nf3 Be7 7. cxd5 Nxd5 8.
Bc4 O-O 9. O-O Nc6 10. Re1 Nb6 11. Bb3 Bf6 12. Be3 Nb4 13. Ne4 Be7 14. Ne5 N4d5
15. Rc1 a5 16. Nc5 Nf6 17. Bg5 Nbd5 18. Qf3 Nd7 19. Bxe7 Nxe7 20. Ncxd7 Bxd7
21. Qxb7 1-0

[Event "Mainz sim"]
[Site "Mainz"]
[Date "2007.08.13"]
[Round "?"]
[White "Ivanchuk, Vassily"]
[Black "Becker, Hans Peter"]
[Result "1-0"]
[WhiteElo "2762"]
[BlackElo "800"]
[PlyCount "67"]
[EventDate "2007.08.13"]
[EventType "simul"]
[EventRounds "1"]
[EventCountry "GER"]
[SourceTitle "CBM 119 Extra"]
[Source "ChessBase"]
[SourceDate "2007.09.04"]
[SourceVersion "1"]
[SourceVersionDate "2007.09.04"]
[SourceQuality "1"]

1. c4 d6 2. Nc3 e5 3. g3 Be6 4. Bg2 c6 5. d3 Be7 6. f4 Bf6 7. e4 g6 8. Nge2 Nd7
9. O-O Nc5 10. b4 Na6 11. Rb1 Ne7 12. f5 gxf5 13. exf5 Bd7 14. Ne4 Nc8 15. g4
h6 16. N2g3 Bg7 17. Nh5 Rh7 18. Nxg7+ Rxg7 19. Bxh6 Rg8 20. g5 Rh8 21. Qh5 Qb6+
22. c5 Qc7 23. g6 dxc5 24. g7 Rg8 25. Nf6+ Kd8 26. Nxg8 Qd6 27. Qxf7 Kc7 28.
Bg5 cxb4 29. Nf6 Ne7 30. Nxd7 Kxd7 31. f6 Re8 32. Bh3+ Kd8 33. fxe7+ Rxe7 34.
Qf8+ 1-0

[Event "Mainz sim"]
[Site "Mainz"]
[Date "2007.08.13"]
[Round "?"]
[White "Ivanchuk, Vassily"]
[Black "Bonsen, Andreas"]
[Result "1-0"]
[WhiteElo "2762"]
[BlackElo "2047"]
[PlyCount "157"]
[EventDate "2007.08.13"]
[EventType "simul"]
[EventRounds "1"]
[EventCountry "GER"]
[SourceTitle "CBM 119 Extra"]
[Source "ChessBase"]
[SourceDate "2007.09.04"]
[SourceVersion "1"]
[SourceVersionDate "2007.09.04"]
[SourceQuality "1"]

1. c4 c6 2. Nf3 e6 3. e4 d5 4. cxd5 exd5 5. e5 d4 6. Bc4 b5 7. Bb3 Be6 8. Bxe6
fxe6 9. a4 Qd5 10. O-O Nh6 11. d3 Nf7 12. Nbd2 Be7 13. Qb3 Qd7 14. Ne4 h6 15.
Bd2 O-O 16. Rfc1 Rd8 17. Ba5 Qd5 18. Qxd5 Rxd5 19. axb5 Rxb5 20. Nxd4 Rxe5 21.
Bc3 Nd8 22. Kf1 Rd5 23. Ke2 Nd7 24. Ra6 Nb8 25. Ra4 Kf7 26. Rc4 a6 27. Ra1 Ra7
28. g3 Rad7 29. Nf3 Bf6 30. Nxf6 gxf6 31. Rf4 Rf5 32. Rxf5 exf5 33. Ra5 Rd5 34.
Rxd5 cxd5 35. Bd2 h5 36. Nh4 Ke6 37. Ng2 Kf7 38. Nf4 d4 39. Nxh5 Nbc6 40. Nf4
Nb7 41. h4 Nc5 42. Ng2 Ne5 43. Ne1 Na4 44. Bc1 Ke6 45. Nc2 Nc6 46. Na3 Nc5 47.
Nc2 a5 48. Bd2 Na4 49. b4 axb4 50. Bxb4 Kd5 51. Bf8 Nc3+ 52. Kd2 Ne5 53. Nb4+
Ke6 54. Bc5 Nf3+ 55. Kc2 Ne1+ 56. Kb3 Ne2 57. Kc4 Nf3 58. Nc6 Nd2+ 59. Kb4 Nf3
60. h5 Nc1 61. Nxd4+ Nxd4 62. Bxd4 Nxd3+ 63. Kc4 Ne1 64. h6 Kf7 65. Kd5 Nf3 66.
Be3 Ne5 67. h7 Ng6 68. f4 Kg7 69. Ke6 Nf8+ 70. Kxf5 Nxh7 71. Bd4 Kf7 72. g4 Ke7
73. Bc3 Kf7 74. Bb4 Kg7 75. Ke6 Kg6 76. Bd2 Nf8+ 77. Ke7 Nh7 78. f5+ Kg7 79.
Bc3 1-0

[Event "Mainz sim"]
[Site "Mainz"]
[Date "2007.08.13"]
[Round "?"]
[White "Ivanchuk, Vassily"]
[Black "Eckhardt, Thorsten"]
[Result "1-0"]
[WhiteElo "2762"]
[BlackElo "1987"]
[PlyCount "77"]
[EventDate "2007.08.13"]
[EventType "simul"]
[EventRounds "1"]
[EventCountry "GER"]
[SourceTitle "CBM 119 Extra"]
[Source "ChessBase"]
[SourceDate "2007.09.04"]
[SourceVersion "1"]
[SourceVersionDate "2007.09.04"]
[SourceQuality "1"]

1. c4 e5 2. Nc3 Nc6 3. Nf3 Nf6 4. g3 d6 5. Bg2 Be6 6. d4 Bg4 7. O-O Qc8 8. Qa4
Nd7 9. dxe5 dxe5 10. Be3 Be7 11. Nd5 Nb6 12. Qb5 f6 13. Nxe7 Kxe7 14. Rfd1 Kf7
15. c5 a6 16. Qd3 Bf5 17. Qc3 Nd7 18. Nd2 Re8 19. Nc4 Nf8 20. Bxc6 bxc6 21. Na5
Be4 22. b4 h5 23. a4 Rd8 24. Rxd8 Qxd8 25. f3 Bd5 26. Qc2 Qe8 27. Qf5 Kg8 28.
Rd1 Qf7 29. Qd3 Qe8 30. Bd2 Rd8 31. Be1 Ra8 32. h4 Ng6 33. Kh2 Ne7 34. Bf2 Rb8
35. Be1 Ra8 36. Kg1 Kh8 37. Kf2 Qf7 38. Ke3 g6 39. Kd2 1-0

[Event "Mainz sim"]
[Site "Mainz"]
[Date "2007.08.13"]
[Round "?"]
[White "Ivanchuk, Vassily"]
[Black "Gass, Ulrich"]
[Result "1-0"]
[WhiteElo "2762"]
[BlackElo "2177"]
[PlyCount "59"]
[EventDate "2007.08.13"]
[EventType "simul"]
[EventRounds "1"]
[EventCountry "GER"]
[SourceTitle "CBM 119 Extra"]
[Source "ChessBase"]
[SourceDate "2007.09.04"]
[SourceVersion "1"]
[SourceVersionDate "2007.09.04"]
[SourceQuality "1"]

1. d4 Nf6 2. c4 g6 3. Nc3 Bg7 4. e4 d6 5. Bd3 Nc6 6. Nge2 O-O 7. O-O e5 8. d5
Nb8 9. Bb1 a5 10. f3 h5 11. Bg5 Qe8 12. Qd2 Bd7 13. Kh1 Kh7 14. b3 Ng8 15. a3
Na6 16. Bc2 f6 17. Be3 g5 18. Rfb1 Bh6 19. b4 b6 20. Ng3 g4 21. f4 Ne7 22. f5
Bxe3 23. Qxe3 h4 24. Nge2 axb4 25. axb4 Qh5 26. Ra2 Kg7 27. Qd2 g3 28. Rba1
gxh2 29. Rxa6 Rxa6 30. Rxa6 1-0

[Event "Mainz sim"]
[Site "Mainz"]
[Date "2007.08.13"]
[Round "?"]
[White "Ivanchuk, Vassily"]
[Black "Greif, Gavin"]
[Result "1-0"]
[WhiteElo "2762"]
[BlackElo "1197"]
[PlyCount "33"]
[EventDate "2007.08.13"]
[EventType "simul"]
[EventRounds "1"]
[EventCountry "GER"]
[SourceTitle "CBM 119 Extra"]
[Source "ChessBase"]
[SourceDate "2007.09.04"]
[SourceVersion "1"]
[SourceVersionDate "2007.09.04"]
[SourceQuality "1"]

1. b4 d5 2. Bb2 Bf5 3. e3 e6 4. Nf3 Nf6 5. a3 c5 6. c4 cxb4 7. axb4 Bxb4 8.
Qa4+ Nc6 9. Nd4 Qb6 10. Nxf5 Bxd2+ 11. Nxd2 Qxb2 12. Nd6+ Ke7 13. Rb1 Qc3 14.
Nb5 Qe5 15. Nf3 Qe4 16. Qa3+ Kd7 17. Qd6+ 1-0

[Event "Mainz sim"]
[Site "Mainz"]
[Date "2007.08.13"]
[Round "?"]
[White "Ivanchuk, Vassily"]
[Black "Grill, Bernd"]
[Result "0-1"]
[WhiteElo "2762"]
[BlackElo "2182"]
[PlyCount "72"]
[EventDate "2007.08.13"]
[EventType "simul"]
[EventRounds "1"]
[EventCountry "GER"]
[SourceTitle "CBM 119 Extra"]
[Source "ChessBase"]
[SourceDate "2007.09.04"]
[SourceVersion "1"]
[SourceVersionDate "2007.09.04"]
[SourceQuality "1"]

1. e4 e6 2. d4 d5 3. Nc3 Nf6 4. Bg5 Be7 5. e5 Nfd7 6. Bxe7 Qxe7 7. f4 O-O 8.
Nf3 c5 9. dxc5 Nxc5 10. Qd2 Nc6 11. O-O-O a6 12. Ne2 Ne4 13. Qe3 b5 14. Ned4
Nxd4 15. Nxd4 f6 16. g3 Qc5 17. exf6 gxf6 18. Bg2 Bb7 19. Rhe1 Rac8 20. Re2
Rfe8 21. a3 Kh8 22. Rd3 e5 23. fxe5 fxe5 24. Nf5 Qf8 25. g4 Nc5 26. Rd1 d4 27.
Qg3 d3 28. Rf2 Be4 29. c3 Rcd8 30. Kd2 Bxg2 31. Qxg2 e4 32. Re1 Qg8 33. h4 Qb3
34. Ke3 d2 35. Rxd2 Rd3+ 36. Kf4 Ne6+ 0-1

[Event "Mainz sim"]
[Site "Mainz"]
[Date "2007.08.13"]
[Round "?"]
[White "Ivanchuk, Vassily"]
[Black "Haubold, Martin"]
[Result "1/2-1/2"]
[WhiteElo "2762"]
[BlackElo "2155"]
[PlyCount "27"]
[EventDate "2007.08.13"]
[EventType "simul"]
[EventRounds "1"]
[EventCountry "GER"]
[SourceTitle "CBM 119 Extra"]
[Source "ChessBase"]
[SourceDate "2007.09.04"]
[SourceVersion "1"]
[SourceVersionDate "2007.09.04"]
[SourceQuality "1"]

1. Nf3 Nf6 2. c4 e6 3. Nc3 d5 4. d4 Be7 5. Bg5 Nbd7 6. e3 O-O 7. Rc1 a6 8. cxd5
exd5 9. Bd3 c6 10. O-O Re8 11. Qb3 Nf8 12. Rfd1 Ng4 13. Bxe7 Qxe7 14. Na4
1/2-1/2

[Event "Mainz sim"]
[Site "Mainz"]
[Date "2007.08.13"]
[Round "?"]
[White "Ivanchuk, Vassily"]
[Black "Heller, Lutz"]
[Result "1-0"]
[WhiteElo "2762"]
[BlackElo "1879"]
[PlyCount "47"]
[EventDate "2007.08.13"]
[EventType "simul"]
[EventRounds "1"]
[EventCountry "GER"]
[SourceTitle "CBM 119 Extra"]
[Source "ChessBase"]
[SourceDate "2007.09.04"]
[SourceVersion "1"]
[SourceVersionDate "2007.09.04"]
[SourceQuality "1"]

1. b4 e5 2. Bb2 d6 3. c4 Bf5 4. Nc3 Nf6 5. g3 c6 6. Bg2 a6 7. Nf3 Be7 8. O-O
O-O 9. d4 exd4 10. Nxd4 Qd7 11. Nxf5 Qxf5 12. Rc1 Rd8 13. e4 Qe6 14. Ne2 d5 15.
Nf4 Qd7 16. e5 Ne8 17. cxd5 Bg5 18. d6 Bxf4 19. gxf4 Qf5 20. Qf3 Rd7 21. Bh3
Qg6+ 22. Kh1 Rd8 23. Rg1 Qh6 24. Rg5 1-0

[Event "Mainz sim"]
[Site "Mainz"]
[Date "2007.08.13"]
[Round "?"]
[White "Ivanchuk, Vassily"]
[Black "Henrici, Alexander"]
[Result "1-0"]
[WhiteElo "2762"]
[BlackElo "794"]
[PlyCount "53"]
[EventDate "2007.08.13"]
[EventType "simul"]
[EventRounds "1"]
[EventCountry "GER"]
[SourceTitle "CBM 119 Extra"]
[Source "ChessBase"]
[SourceDate "2007.09.04"]
[SourceVersion "1"]
[SourceVersionDate "2007.09.04"]
[SourceQuality "1"]

1. b4 e6 2. Bb2 Nf6 3. a3 Bd6 4. c4 b6 5. d4 c5 6. dxc5 Bc7 7. cxb6 Bxb6 8. e3
Qe7 9. Nf3 O-O 10. Nc3 h6 11. Be2 Bb7 12. c5 Bc7 13. Nb5 Rc8 14. O-O Bc6 15.
Nfd4 Bxb5 16. Nxb5 a6 17. Nxc7 Rxc7 18. Be5 Rc8 19. Bf3 Ra7 20. Bd6 Qe8 21. a4
Nc6 22. b5 axb5 23. axb5 Rxa1 24. Qxa1 Ne7 25. b6 Nc6 26. b7 Qd8 27. bxc8=R 1-0

[Event "Mainz sim"]
[Site "Mainz"]
[Date "2007.08.13"]
[Round "?"]
[White "Ivanchuk, Vassily"]
[Black "Hoffmann, Frank"]
[Result "1-0"]
[WhiteElo "2762"]
[BlackElo "1405"]
[PlyCount "43"]
[EventDate "2007.08.13"]
[EventType "simul"]
[EventRounds "1"]
[EventCountry "GER"]
[SourceTitle "CBM 119 Extra"]
[Source "ChessBase"]
[SourceDate "2007.09.04"]
[SourceVersion "1"]
[SourceVersionDate "2007.09.04"]
[SourceQuality "1"]

1. e4 e5 2. f4 exf4 3. Bc4 Nc6 4. Nf3 d6 5. d4 Bg4 6. Bxf4 Bxf3 7. gxf3 Qf6 8.
Be3 Nge7 9. c3 a6 10. Nd2 Ng6 11. Qb3 Na5 12. Qa4+ b5 13. Qxa5 bxc4 14. Qxc7
Qd8 15. Qc6+ Ke7 16. Nxc4 Ra7 17. Nb6 Ke6 18. Qd5+ Ke7 19. Qb3 f6 20. h4 Ke8
21. Qa4+ Kf7 22. Qc4+ 1-0

[Event "Mainz sim"]
[Site "Mainz"]
[Date "2007.08.13"]
[Round "?"]
[White "Ivanchuk, Vassily"]
[Black "Jordan, Dirk"]
[Result "1/2-1/2"]
[WhiteElo "2762"]
[BlackElo "2221"]
[PlyCount "67"]
[EventDate "2007.08.13"]
[EventType "simul"]
[EventRounds "1"]
[EventCountry "GER"]
[SourceTitle "CBM 119 Extra"]
[Source "ChessBase"]
[SourceDate "2007.09.04"]
[SourceVersion "1"]
[SourceVersionDate "2007.09.04"]
[SourceQuality "1"]

1. Nf3 d5 2. d4 c6 3. c4 Nf6 4. Nc3 dxc4 5. a4 Na6 6. e3 Bg4 7. Bxc4 e6 8. h3
Bh5 9. O-O Nb4 10. Qe2 Be7 11. Rd1 O-O 12. g4 Bg6 13. e4 Re8 14. Bf4 Nd7 15.
Bg3 Rc8 16. a5 Ra8 17. Bb3 b5 18. axb6 axb6 19. Rxa8 Qxa8 20. Nh4 Qa5 21. Nxg6
hxg6 22. Qf3 Bf6 23. h4 g5 24. h5 b5 25. Kg2 c5 26. e5 Bd8 27. d5 Nf8 28. dxe6
fxe6 29. Rd2 Nd5 30. Bc2 Nxc3 31. bxc3 Be7 32. Be4 Rd8 33. Rxd8 Qxd8 34. Bc6
1/2-1/2

[Event "Mainz sim"]
[Site "Mainz"]
[Date "2007.08.13"]
[Round "?"]
[White "Ivanchuk, Vassily"]
[Black "Klein, Michael"]
[Result "1-0"]
[WhiteElo "2762"]
[BlackElo "1703"]
[PlyCount "77"]
[EventDate "2007.08.13"]
[EventType "simul"]
[EventRounds "1"]
[EventCountry "GER"]
[SourceTitle "CBM 119 Extra"]
[Source "ChessBase"]
[SourceDate "2007.09.04"]
[SourceVersion "1"]
[SourceVersionDate "2007.09.04"]
[SourceQuality "1"]

1. Nf3 d5 2. c4 c6 3. d4 Nf6 4. Nc3 e6 5. Bg5 Be7 6. e3 Nbd7 7. Be2 h6 8. Bh4
O-O 9. O-O dxc4 10. Bxc4 b5 11. Bd3 a6 12. a4 b4 13. Bxf6 Nxf6 14. Ne4 Bb7 15.
Rc1 Rc8 16. Qe2 a5 17. Rfd1 Qb6 18. Ne5 Rfd8 19. Nc5 Bxc5 20. Rxc5 Nd7 21. Nxd7
Rxd7 22. Rdc1 Rd5 23. Be4 Rxc5 24. Rxc5 Qd8 25. Qc2 Kf8 26. g3 Ke7 27. h4 Ke8
28. Bxc6+ Bxc6 29. Rxc6 Rxc6 30. Qxc6+ Ke7 31. Qc5+ Ke8 32. f3 Qa8 33. Kf2 Kd7
34. e4 Qa6 35. Qc2 Kd6 36. h5 Qb6 37. Qc4 f6 38. g4 Kd7 39. Ke3 1-0

[Event "Mainz sim"]
[Site "Mainz"]
[Date "2007.08.13"]
[Round "?"]
[White "Ivanchuk, Vassily"]
[Black "Kribben, Matthias"]
[Result "1-0"]
[WhiteElo "2762"]
[BlackElo "2224"]
[PlyCount "89"]
[EventDate "2007.08.13"]
[EventType "simul"]
[EventRounds "1"]
[EventCountry "GER"]
[SourceTitle "CBM 119 Extra"]
[Source "ChessBase"]
[SourceDate "2007.09.04"]
[SourceVersion "1"]
[SourceVersionDate "2007.09.04"]
[SourceQuality "1"]

1. c4 e5 2. Nc3 Nf6 3. Nf3 Nc6 4. g3 Bb4 5. Nd5 Be7 6. Bg2 O-O 7. O-O d6 8. d4
Nxd5 9. cxd5 Nxd4 10. Nxd4 exd4 11. Qxd4 Bd7 12. Be3 c5 13. dxc6 Bxc6 14. Rac1
Bxg2 15. Kxg2 Qa5 16. Qc4 b5 17. Qb3 Rac8 18. Rfd1 Qa6 19. Bd4 Rc4 20. Qe3 Rfc8
21. Rxc4 Qb7+ 22. Qf3 Qxf3+ 23. Kxf3 Rxc4 24. Bxa7 Ra4 25. Bd4 Rxa2 26. Rc1 Ra4
27. e3 f5 28. Rc7 Kf7 29. Bxg7 Kxg7 30. Rxe7+ Kf6 31. Rxh7 Rb4 32. h4 Rxb2 33.
Rd7 Ke6 34. Rb7 b4 35. h5 b3 36. h6 Rb1 37. Kf4 Rf1 38. f3 Rh1 39. Kg5 Rh3 40.
g4 fxg4 41. fxg4 Rxe3 42. h7 Rh3 43. Kg6 d5 44. Rxb3 Rh4 45. g5 1-0

[Event "Mainz sim"]
[Site "Mainz"]
[Date "2007.08.13"]
[Round "?"]
[White "Ivanchuk, Vassily"]
[Black "Kropp, Volker"]
[Result "1-0"]
[WhiteElo "2762"]
[BlackElo "2122"]
[PlyCount "81"]
[EventDate "2007.08.13"]
[EventType "simul"]
[EventRounds "1"]
[EventCountry "GER"]
[SourceTitle "CBM 119 Extra"]
[Source "ChessBase"]
[SourceDate "2007.09.04"]
[SourceVersion "1"]
[SourceVersionDate "2007.09.04"]
[SourceQuality "1"]

1. d4 Nf6 2. c4 c5 3. Nf3 g6 4. Nc3 cxd4 5. Nxd4 d6 6. g3 Nc6 7. Bg2 Bd7 8. b3
Bg7 9. Bb2 O-O 10. O-O Nxd4 11. Qxd4 Bc6 12. Qd3 Bxg2 13. Kxg2 Qd7 14. Rfd1 b6
15. Rac1 Qb7+ 16. f3 Rac8 17. e4 Nd7 18. Qe2 Nc5 19. Nd5 Bxb2 20. Qxb2 f6 21.
h4 Rf7 22. Qd2 f5 23. b4 Ne6 24. exf5 Rxf5 25. Re1 Re5 26. Rxe5 dxe5 27. Qe3
Ng7 28. Qxe5 e6 29. Nf6+ Kh8 30. Ne4 Qa6 31. Rc2 h6 32. c5 bxc5 33. bxc5 Qd3
34. Rd2 Qe3 35. Qd4 Qxd4 36. Rxd4 Rb8 37. Rd2 Nf5 38. Kf2 a5 39. g4 Nxh4 40. c6
Rc8 41. Rd7 1-0

[Event "Mainz sim"]
[Site "Mainz"]
[Date "2007.08.13"]
[Round "?"]
[White "Ivanchuk, Vassily"]
[Black "Moroder, Mainhard"]
[Result "1-0"]
[WhiteElo "2762"]
[BlackElo "1387"]
[PlyCount "53"]
[EventDate "2007.08.13"]
[EventType "simul"]
[EventRounds "1"]
[EventCountry "GER"]
[SourceTitle "CBM 119 Extra"]
[Source "ChessBase"]
[SourceDate "2007.09.04"]
[SourceVersion "1"]
[SourceVersionDate "2007.09.04"]
[SourceQuality "1"]

1. c4 e5 2. Nc3 Nc6 3. g3 Nf6 4. Bg2 Be7 5. Nf3 h6 6. O-O O-O 7. d4 exd4 8.
Nxd4 Re8 9. Bf4 a6 10. Rc1 Bc5 11. Nb3 Ba7 12. c5 Bb8 13. Qd2 Nh5 14. Be3 d6
15. cxd6 Qxd6 16. Qxd6 cxd6 17. Nd5 a5 18. Rfd1 Be6 19. Bf3 Bxd5 20. Rxd5 Nf6
21. Rb5 Re7 22. a4 Re5 23. Rxb7 Nd8 24. Rc8 Re8 25. Rbxb8 Rxb8 26. Rxb8 Nd7 27.
Ra8 1-0

[Event "Mainz sim"]
[Site "Mainz"]
[Date "2007.08.13"]
[Round "?"]
[White "Ivanchuk, Vassily"]
[Black "Mueller, Thomas1"]
[Result "1-0"]
[WhiteElo "2762"]
[BlackElo "1547"]
[PlyCount "47"]
[EventDate "2007.08.13"]
[EventType "simul"]
[EventRounds "1"]
[EventCountry "GER"]
[SourceTitle "CBM 119 Extra"]
[Source "ChessBase"]
[SourceDate "2007.09.04"]
[SourceVersion "1"]
[SourceVersionDate "2007.09.04"]
[SourceQuality "1"]

1. Nf3 g6 2. e4 Bg7 3. d4 d5 4. exd5 Qxd5 5. Nc3 Qa5 6. Bc4 e6 7. Bd2 c6 8. Qe2
Ne7 9. O-O-O O-O 10. h4 Qh5 11. g4 Qa5 12. h5 Qc7 13. hxg6 Nxg6 14. Ne4 b5 15.
Bd3 Nd7 16. Qe3 f6 17. Ng3 Bb7 18. Qxe6+ Rf7 19. Rxh7 Nf4 20. Rxg7+ Kxg7 21.
Nh5+ Nxh5 22. gxh5 Rh8 23. Rg1+ Kf8 24. Nh4 1-0